[Event "22nd OIBM 2018"]
[Site "Gmund am Tegernsee"]
[Date "2018.11.01"]
[Round "6"]
[White "Petrosyan, Manuel"]
[Black "Hacker, Jonas"]
[Result "1/2-1/2"]
[WhiteElo "2574"]
[BlackElo "2345"]
[Annotator "TA"]
[PlyCount "150"]
[EventDate "2018.10.27"]
[EventType "swiss"]
[EventCountry "GER"]
[SourceTitle "playchess.com"]
[Source "ChessBase"]
[SourceQuality "1"]

{[%evp 14,150,16,10,27,31,91,6,6,3,7,11,15,-10,-28,-8,0,0,0,0,0,0,0,3,15,7,12,27,46,45,88,18,35,28,31,22,50,14,23,26,33,14,6,0,0,0,0,0,0,-23,0,-30,-30,-34,-30,-53,-48,-75,-74,-79,-42,-22,0,-4,-19,-231,-202,-190,-190,-189,-189,-238,-232,-198,-6,-13,-13,-14,0,-8,0,0,0,0,0,0,0,0,0,0,0,0,0,0,0,0,0,0,0,0,0,0,0,0,0,0,0,0,0,0,0,0,0,0,0,0,0,0,0,0,0,0,0,0,0,0,0,0,0,0,0,0,0,0,0,0,0,0,0]} 1. d4 d5 2. c4 e6 3. Nf3 Nf6 4. g3 Bb4+ 5. Nbd2 dxc4 6. Bg2 O-O {E04: Open Catalan: 5 Nf3} 7. a3 Bxd2+ 8. Bxd2 {LiveBook: 12 Games} b5 (8... Nc6 9. e3 b5 10. b3 Bb7 11. bxc4 bxc4 12. Rc1 a5 13. Rxc4 Ne7 14. Rc5 {½-½ (37) Yu,Y (2762)-Le,Q (2728) Danzhou 2018}) 9. a4 $146 {Ne5 is the strong threat.} ({Predecessor:} 9. Ne5 Nd5 10. e4 Ne7 11. Bc3 f6 12. Ng4 Bb7 13. Ne3 Na6 14. O-O {1-0 (35) Wagner,H-Zenner,C DDR 1971}) 9... c6 (9... Bb7 $14) 10. O-O ({White should play} 10. axb5 $16 cxb5 11. Ng5) 10... Bb7 $11 11. b3 cxb3 12. Qxb3 a6 13. Ne5 Qxd4 14. Bc3 Qa7 15. Qb2 c5 16. axb5 Bxg2 17. Kxg2 Nd5 18. Nf3 Nxc3 19. Qxc3 a5 20. Ne5 Nd7 21. Nc6 {[%mdl 1024] White has compensation.} Qb7 22. Rfb1 (22. Rxa5 $16 Rxa5 23. Qxa5) 22... a4 23. f3 h6 24. Ra3 Qb6 25. Qc4 Nb8 26. Ne5 Qc7 27. Qe4 Nd7 28. Nc6 Nb6 29. Rc1 c4 30. Qd4 Rfe8 31. f4 f6 32. e4 e5 33. fxe5 fxe5 34. Qc5 Rad8 $36 {[%mdl 2048] Black has some pressure.} 35. Ra2 Kh7 36. Rf2 Rd7 (36... Rd4 $5) 37. Rcf1 Qb7 38. h4 Nc8 39. Qb4 $2 (39. Qxc4 $11 Nd6 40. Qxa4 Nxb5 41. Na5) 39... Na7 40. Nxa7 {Strongly threatening Nc6.} Qxe4+ (40... Qxa7 41. Qxc4 a3 42. h5 $11) 41. Kh2 {aiming for Nc6.} Rxa7 42. b6 Rb7 43. Qxa4 Reb8 $2 ({Black should try} 43... Rc8 $19 44. Rb2 Rxb6 $1 {[%mdl 512]} 45. Rxb6 Qe2+ 46. Kg1 Qe3+ 47. Kh2 Qxb6) 44. Qc2 {The position is equal.} Qxc2 45. Rxc2 {[%mdl 4096] Endgame KRR-KRR} Rc8 46. Rb1 Rc6 47. h5 g6 48. hxg6+ Kxg6 49. Kg2 Kf5 {Hoping for ...Ke4.} ({Resist} 49... Rcxb6 50. Rxb6+ Rxb6 51. Rxc4 $17) 50. Kf3 e4+ ({Don't do} 50... Rcxb6 51. g4+ Kg5 52. Rxb6 $17) 51. Ke3 Rcxb6 ({Much less strong is} 51... Rbxb6 {[#]} 52. Rxc4 $1 {[%mdl 512]} Rxb1 53. Rxc6 $17) (51... h5 {with more complications.} 52. Rb5+ Kg4 53. Kxe4 Rbxb6 54. Rxb6 Rxb6 55. Rxc4) 52. Rxb6 Rxb6 53. Rxc4 {KR-KR} Rb3+ 54. Kf2 Rb2+ 55. Ke3 Rb3+ 56. Kf2 Rf3+ 57. Kg2 Ke5 58. Ra4 Rd3 59. Kf2 h5 60. Ra5+ Rd5 61. Ra4 Kf5 62. Ke2 Rb5 63. Kf2 Rb2+ 64. Ke3 Rb3+ (64... h4 $5 65. Ra5+ Kg4 66. gxh4 Kxh4 $11) 65. Kf2 Rb5 66. Ke2 h4 67. gxh4 Rb2+ 68. Ke1 Kf4 {And now ...Kf3 would win.} 69. Ra3 Rh2 {[#]} 70. h5 $1 {[%mdl 512]} Rxh5 71. Ke2 Rh2+ 72. Ke1 Rb2 73. Rc3 $1 Ke5 74. Ra3 Rc2 75. Rb3 Kf4 {Precision: White = 68%, Black = 54%.} 1/2-1/2

[Event "22nd OIBM 2018"]
[Site "Gmund am Tegernsee"]
[Date "2018.11.01"]
[Round "6"]
[White "Mons, Leon"]
[Black "Schneider, Jana"]
[Result "1/2-1/2"]
[WhiteElo "2554"]
[BlackElo "2174"]
[Annotator "TA"]
[PlyCount "71"]
[EventDate "2018.10.27"]
[EventType "swiss"]
[EventCountry "GER"]
[SourceTitle "playchess.com"]
[Source "ChessBase"]
[SourceQuality "1"]

{[%evp 19,71,30,33,34,43,46,75,75,82,84,70,65,58,36,37,14,28,31,52,51,118,112,117,113,117,117,116,110,111,116,116,8,8,8,8,12,8,8,16,0,0,0,66,66,62,51,58,0,0,0,0,0,0,0]} 1. d4 Nf6 2. c4 e6 3. Nf3 d5 4. Nc3 Be7 5. g3 dxc4 6. Bg2 c5 {E05: Open Catalan: 5 Nf3 Be7} (6... O-O 7. Ne5 Nc6 8. Bxc6 bxc6 9. Nxc6 Qe8 10. Nxe7+ Qxe7 11. Qa4 c5 12. dxc5 Qxc5 13. Be3 Qc7 14. O-O-O Ng4 15. Rd2 Nxe3 16. fxe3 Rb8 17. Rhd1 a5 18. Kb1 h6 19. Ka1 Rb4 {1-0 (49) Caruana,F (2822)-Nakamura,H (2777) Saint Louis 2018}) 7. Qa4+ Nbd7 8. dxc5 Bxc5 9. Qxc4 Qe7 10. O-O O-O {LiveBook: 6 Games} 11. Rd1 Nb6 12. Qh4 e5 $146 ({Predecessor:} 12... Nfd5 13. Qxe7 Bxe7 14. Nxd5 Nxd5 15. e4 Nb6 16. Be3 Nc4 17. Bd4 Na5 18. Bc3 {1-0 (80) Parnali,S (2077)-Gagare,S (1989) Pune 2015}) 13. Bg5 {[#] Strongly threatening Ne4.} h6 14. Bxf6 $1 Qxf6 15. Qxf6 gxf6 16. Nd2 Rb8 17. Nb3 Be7 18. Rac1 $36 {[%mdl 2048] White has good play.} Be6 19. Na5 Nc4 (19... Bb4 $14 20. Nxb7 Rfc8) 20. Nxc4 $16 Bxc4 21. Rd7 Bb4 22. Nd5 (22. Bxb7 Be6 $17) 22... Bb5 23. Nxf6+ Kg7 24. Rd5 Bxe2 25. Nd7 ({Better is} 25. Rxe5 $16 Ba6 26. Nh5+ Kg8 27. a3) 25... Rbc8 $11 26. Ra1 Rfd8 27. a3 ({Don't blunder} 27. Nxe5 $2 Rxd5 28. Bxd5 Rc5 $19) ({Of course not} 27. Rxe5 Rc2 $17) 27... Bc4 28. Rdd1 ({Reject} 28. Rxe5 Bd6 $17) 28... Be7 {And now ...Bb3 would win.} 29. Bxb7 Rc7 30. Nxe5 Bb3 ({Black should try} 30... Rxd1+ $1 $11 31. Rxd1 Bb3) 31. Rxd8 $14 Bxd8 32. Ba6 Bf6 33. f4 (33. Re1 $14) 33... Rc2 $11 {The position is equal.} 34. Re1 Rxb2 35. Re2 Rb1+ 36. Kf2 {Precision: White = 61%, Black = 64%.} 1/2-1/2

[Event "22nd OIBM 2018"]
[Site "Gmund am Tegernsee"]
[Date "2018.11.01"]
[Round "6"]
[White "Jarmula, Lukasz"]
[Black "Moiseenko, Alexander"]
[Result "0-1"]
[WhiteElo "2492"]
[BlackElo "2648"]
[Annotator "TA"]
[PlyCount "103"]
[EventDate "2018.10.27"]
[EventType "swiss"]
[EventCountry "GER"]
[SourceTitle "playchess.com"]
[Source "ChessBase"]
[SourceQuality "1"]

{[%evp 31,103,14,18,0,0,0,0,0,0,0,0,-34,-34,-34,-34,-39,-39,-38,-42,-35,-33,-33,-33,-33,-33,-41,-31,-132,-134,-175,-178,-190,-184,-169,-180,-179,-150,-164,-43,-37,-37,-35,0,-160,-154,-149,-156,-150,-162,-159,-163,-157,-160,-281,-258,-205,-112,-280,-282,-420,-417,-29968,-29969,-29966,-29970,-29974,-29977,-29979,-29980,-29980,-29981,-29981,-29982,-29990]} 1. e4 c5 2. Nf3 Nc6 3. d4 cxd4 4. Nxd4 Nf6 5. Nc3 e5 6. Ndb5 {[%cal Bd4b5,Bb5a3,Ba3c2,Bc2e3,Be3c4][%mdl 32]} d6 7. Bg5 a6 8. Na3 b5 9. Nd5 Be7 10. Bxf6 Bxf6 11. c3 O-O 12. Nc2 Bb7 13. a4 bxa4 {B33: Sicilian: Pelikan and Sveshnikov Variations} 14. Rxa4 Nb8 (14... a5 15. Nce3 Bg5 16. Nf5 g6 17. h4 Be7 18. Nh6+ Kg7 19. Qd2 Bc8 20. Rc4 Bd7 21. Nxe7 Qxe7 {1-0 (67) Rodriguez Vila,A (2523)-Shabalov,A (2593) Buenos Aires 2005 CBM 109 [Mueller,Karsten]}) 15. Nce3 Nd7 16. b4 Bg5 {LiveBook: 5 Games} 17. Nc4 Bxd5 18. exd5 Nb6 19. Nxb6 Qxb6 20. Qa1 $146 ({Predecessor:} 20. Be2 Rfc8 21. Qa1 {½-½ (46) Safranska,A (2290)-Shumiakina,T (2320) Bucharest 1993}) 20... e4 21. Rxa6 Rxa6 22. Qxa6 Qc7 23. Qc6 Qa7 $40 {[%mdl 128] ( -> ...Qa1+). Black attacks.} 24. Qa6 Ra8 25. Qxa7 Rxa7 $15 {[%mdl 4096] Endgame KRB-KRB} 26. h4 Ra1+ 27. Ke2 Ra2+ 28. Kd1 Bd8 29. Rh3 (29. f3 $15) 29... Rxf2 $17 30. Ke1 Rb2 $1 31. g4 h5 32. g5 f5 33. gxf6 gxf6 ({Don't play} 33... Bxf6 34. Bb5 $15) 34. Rg3+ Kf7 (34... Kf8 $1 $19 35. Bc4 f5) 35. Be2 $15 f5 36. Bxh5+ Kf6 {Hoping for ...Ke5.} 37. Rg6+ $2 (37. Rg8 $11 Bb6 38. Rf8+ Ke5 39. Bg6 Kxd5 40. Rxf5+ Kc4 41. Rf6) 37... Ke5 $17 38. Re6+ Kxd5 39. Bf7 {Re8+ is the strong threat.} Bxh4+ 40. Kd1 {[#] aiming for Rh6+.} Kc6 $1 41. Bg6 Rf2 42. c4 {[#]} (42. Be8+ $17 Kc7 43. c4) 42... Kd7 $1 $19 {[%cal Rd7e6]} 43. Bf7 Be7 ({Better is} 43... Bg5 $19 44. Rg6 Be3 45. Be6+ Ke7) 44. c5 $2 (44. Rg6 $17 {might work better.}) 44... dxc5 45. bxc5 (45. Ke1 $142 Bh4 46. bxc5) 45... Bxc5 46. Ke1 (46. Re5 $19 Kd6 47. Rd5+ Ke7 48. Bg8) 46... e3 {Black mates.} 47. Kd1 f4 {[%cal Bf5f4,Bf4f3][%mdl 32]} 48. Re5 Rd2+ 49. Ke1 f3 50. Bh5 Bb4 51. Bg4+ Kd6 52. Re6+ {Precision: White = 44%, Black = 73%.} 0-1

[Event "22nd OIBM 2018"]
[Site "Gmund am Tegernsee"]
[Date "2018.11.01"]
[Round "6"]
[White "Sanal, Vahap"]
[Black "Iturrizaga Bonelli, Eduardo"]
[Result "0-1"]
[WhiteElo "2487"]
[BlackElo "2636"]
[Annotator "TA"]
[PlyCount "95"]
[EventDate "2018.10.27"]
[EventType "swiss"]
[EventCountry "GER"]
[SourceTitle "playchess.com"]
[Source "ChessBase"]
[SourceQuality "1"]

{[%evp 23,95,48,60,15,79,66,75,75,72,79,61,74,65,54,56,55,183,172,177,176,186,160,172,136,202,0,0,0,0,0,0,0,31,0,0,0,0,0,0,0,0,-277,-277,-277,-269,-272,-269,-262,-272,-265,-264,-269,-268,-289,-289,-319,-320,-303,-303,-407,-412,-910,-927,-793,-881,-718,-686,-1281,-1235,-1041,-614,-1327,-1185,-1120]} 1. e4 c5 2. Nf3 e6 3. d4 cxd4 4. Nxd4 a6 5. c4 Nf6 6. Nc3 d6 7. Bd3 g6 8. O-O Bg7 9. Be3 O-O 10. Be2 b6 {B42: Sicilian: Kan Variation: 5 Bd3} 11. Qd2 Bb7 12. f3 Nbd7 {LiveBook: 4 Games. White is slightly better.} 13. Rfd1 {[#]} Qe7 $146 (13... d5 $11 {keeps the balance.}) ({Predecessor:} 13... Rc8 14. Nc2 Ne8 15. Bg5 f6 16. Bh4 Ne5 17. Ne3 Bh6 18. Qd4 {0-1 (61) Spielmann,A (2308)-Marin,M (2556) Porto Mannu 2008}) 14. Nc2 d5 15. cxd5 exd5 16. exd5 Rfd8 17. a4 Rac8 18. Ra3 Nc5 19. Bc4 Nxa4 (19... Rd7 $14) 20. Nxa4 $18 Rxc4 21. Nxb6 Rh4 22. Rd3 Rh5 23. Nb4 Bf8 (23... Qd6 $16) 24. d6 $2 (24. Nc6 $18 Bxc6 25. dxc6 Rxd3 26. Qxd3) 24... Qe5 $11 25. Bf4 Qc5+ 26. Be3 Qe5 27. g4 {aiming for Bd4.} Rh3 28. Bd4 ({Avoid the trap} 28. Nc4 $2 Qe6 $19) 28... Qxd6 29. Be3 Qxd3 30. Nxd3 {Hoping for Rf1.} Bxf3 31. Rf1 {Qc3 is the strong threat.} Nxg4 $40 {[%mdl 128] And now ...Be4 would win. Black has some attack.} 32. Nc4 $2 {[%mdl 8192]} (32. Qc3 $1 $11 Nxe3 33. Nf4 Nxf1 34. Nxh3) 32... Nxh2 $19 ({Resist} 32... Be4 33. Qe2 $17) 33. Rf2 Ng4 {[%csl Gf3][%cal Rh3h1]} 34. Rxf3 Rxf3 35. Kg2 {[#]} Rxe3 $1 {[%mdl 512]} 36. Nxe3 Bh6 37. Qc3 Nxe3+ ({But not} 37... Bxe3 38. Ne5 $19) 38. Kf3 Bg7 39. Qb3 Nf5 40. Qc4 a5 41. b3 Re8 42. Nc5 (42. Nf4 $142) 42... Re3+ {Black is clearly winning.} 43. Kg2 Rg3+ 44. Kh2 Be5 45. Qd5 Re3+ 46. Kg1 Kg7 47. Nb7 Re2 {( -> ...Bh2+)} 48. Kf1 {Precision: White = 40%, Black = 66%.} 0-1

[Event "22nd OIBM 2018"]
[Site "Gmund am Tegernsee"]
[Date "2018.11.01"]
[Round "6"]
[White "Milov, Leonid"]
[Black "Stock, Christoph"]
[Result "1-0"]
[WhiteElo "2481"]
[BlackElo "2174"]
[Annotator "TA"]
[PlyCount "59"]
[EventDate "2018.10.27"]
[EventType "swiss"]
[EventCountry "GER"]
[SourceTitle "playchess.com"]
[Source "ChessBase"]
[SourceQuality "1"]

{[%evp 16,59,0,0,0,0,10,0,10,0,38,58,42,52,79,73,179,141,227,234,233,166,246,218,401,375,604,596,562,391,373,348,1583,1491,29974,5810,29987,29988,29988,12825,12818,5614,5589,5090,29982,29978]} 1. e4 e6 2. d4 d5 3. Nc3 {[%cal Bb1c3,Bc3e2,Be2f4][%mdl 32]} Nf6 4. e5 Nfd7 5. Nce2 c5 6. c3 Nc6 7. Nf3 b5 8. Nf4 Qb6 {C11: French: Classical System: 4 e5 and 4 Bg5 dxe4} (8... Rb8 9. Bd3 b4 10. Nxe6 fxe6 11. Ng5 Ndxe5 12. dxe5 Nxe5 13. Bxh7 Qf6 14. O-O Bd6 15. f4 Nf7 16. Qh5 {0-1 (27) Shirov,A (2726)-Malakhatko,V (2633) Leon 2008}) 9. Be2 {[%cal Bf1e2,Be2d3,Bd3c2][%mdl 32] LiveBook: 8 Games} Be7 10. Be3 a5 $146 {The position is equal.} ({Predecessor:} 10... cxd4 11. cxd4 Ba6 12. h4 b4 13. Rh3 Bxe2 14. Qxe2 b3 {½-½ (87) Pavlidis,A (2467)-Rychagov,A (2544) Kavala 2013}) 11. O-O Ba6 12. Re1 a4 13. dxc5 Bxc5 14. Bd3 Ra7 15. Bc2 Ne7 (15... Bxe3 $16 16. Rxe3 g6) 16. Nd4 Ng6 {[#]} (16... Rc7 $16 {keeps fighting.} 17. Qh5 Bxd4 18. Bxd4 Qc6) 17. Nd3 $1 $18 {[%cal Rd3c5]} Qc7 18. f4 {[%cal Bf2f4,Bf4f5][%mdl 32]} Bb6 (18... O-O $142 19. f5 Bxd4 20. Bxd4 exf5) 19. f5 Ngf8 $2 (19... exf5 {was called for.} 20. Nb4 (20. Nxf5 O-O $16) 20... Ne7) 20. Nf4 {[%cal Rf5e6]} Qxe5 $2 (20... g6 21. fxe6 fxe6 22. Nfxe6 Nxe6) 21. fxe6 fxe6 {[#]} 22. Nfxe6 $1 {[%mdl 512]} Nxe6 23. Bf2 Qf4 $2 (23... O-O) 24. Rxe6+ Kf7 25. Qh5+ g6 {[#]} 26. Bxg6+ $1 {[%mdl 512]} Kg8 (26... hxg6 27. Qxg6+) 27. Re8+ (27. Qxd5 $142 Bb7 28. Qxd7 Qxh2+ 29. Kxh2 hxg6+ 30. Kg3 Bc7+ 31. Kg4 Bf3+ 32. gxf3 Rh4+ 33. Bxh4 Ra8 34. Rxg6+ Kh8 35. Qg7#) 27... Nf8 28. Qxd5+ Kg7 {[#]} 29. Rxf8 $1 Qxf8 30. Ne6+ {Precision: White = 66%, Black = 15%.} 1-0

[Event "22nd OIBM 2018"]
[Site "Gmund am Tegernsee"]
[Date "2018.11.01"]
[Round "6"]
[White "Iniyan, P."]
[Black "Maruntis, Patrik-Robert"]
[Result "1-0"]
[WhiteElo "2476"]
[BlackElo "1680"]
[Annotator "TA"]
[PlyCount "47"]
[EventDate "2018.10.27"]
[EventType "swiss"]
[EventCountry "GER"]
[SourceTitle "playchess.com"]
[Source "ChessBase"]
[SourceQuality "1"]

{[%evp 15,47,14,57,38,62,52,55,45,100,96,117,107,148,172,152,144,248,239,287,287,543,543,497,499,923,890,1574,648,1558,1540,1508,1409,1409,693]} 1. d4 Nf6 2. c4 e6 3. Nc3 Bb4 4. e3 b6 5. Bd3 Bb7 6. Nf3 O-O 7. O-O Bxc3 8. bxc3 d5 9. Nd2 {E52: Nimzo-Indian: Rubinstein: 4...0-0 5 Nf3 d5 6 Bd3 b6} (9. cxd5 exd5 10. c4 Nbd7 11. Bb2 Re8 12. Rc1 c5 13. cxd5 Bxd5 14. dxc5 Nxc5 15. Bxf6 gxf6 16. Bb5 Re4 17. Nd4 {½-½ (42) Kveinys,A (2548)-Linsenmeyer,M (2105) Zirndorf 2017}) 9... Ne4 10. f3 Nxd2 11. Qxd2 $146 {White is slightly better.} ({Predecessor:} 11. Bxd2 Nd7 12. Qc2 h6 13. e4 c5 14. cxd5 exd5 15. e5 Rc8 16. Qb2 Nb8 {1-0 (60) Kanakaris,G (2084)-Kourousis,E Aghia Pelagia 2004}) 11... Nd7 ({Better is} 11... dxc4 $14 12. Bxc4 Ba6 13. Bxa6 Nxa6) 12. cxd5 $16 exd5 13. e4 Re8 {[%cal Rd5e4]} 14. e5 c5 15. f4 c4 (15... f6 $16 16. Re1 Nf8) 16. Bc2 $18 Nf8 17. Ba3 Re6 $2 (17... Nd7 {is a better defense.} 18. f5 f6) 18. f5 {White is clearly winning.} Rh6 19. f6 Ng6 {[#]} (19... Ne6 $142 20. fxg7 Qh4) 20. e6 $1 {[%mdl 512]} fxe6 21. f7+ Kh8 22. Bxg6 Rxg6 23. f8=Q+ Qxf8 24. Rxf8+ {Precision: White = 81%, Black = 21%.} 1-0

[Event "22nd OIBM 2018"]
[Site "Gmund am Tegernsee"]
[Date "2018.11.01"]
[Round "6"]
[White "Caspi, Israel"]
[Black "Yakimenko, Alexander A."]
[Result "1-0"]
[WhiteElo "2471"]
[BlackElo "2101"]
[Annotator "TA"]
[PlyCount "41"]
[EventDate "2018.10.27"]
[EventType "swiss"]
[EventCountry "GER"]
[SourceTitle "playchess.com"]
[Source "ChessBase"]
[SourceQuality "1"]

{[%evp 19,41,50,40,48,78,58,72,64,79,85,91,73,93,83,93,104,146,133,557,558,733,726,741,720]} 1. e4 e6 2. d4 d5 3. Nd2 {[%cal Bb1d2,Bd2f1,Bf1e3,Be3c4][%mdl 32]} Nc6 4. Ngf3 Nf6 5. e5 Nd7 6. Be2 f6 7. exf6 Qxf6 8. Nf1 Bd6 9. Ne3 O-O 10. O-O Kh8 {LiveBook: 3 Games. C04: French Tarrasch: 3...Nc6} (10... Qf7 11. c4 Nf6 12. c5 Bf4 13. g3 Bh6 14. Ng2 Bxc1 15. Rxc1 Ne4 16. Qb3 g5 17. Qe3 Qg7 18. Ne5 {½-½ (74) Vetoshko,V (2534)-Leniart,A (2497) Slovakia 2017}) 11. c4 dxc4 12. Nxc4 Nb6 $146 {White is slightly better.} ({Predecessor:} 12... Bf4 13. Bxf4 Qxf4 14. Rc1 e5 15. d5 Nd8 16. Qd2 Qf6 17. Ne3 c6 18. Qc3 {1-0 (50) Sekar,B (2214)-Jagadeesh,A (1808) Bhopal 2017}) 13. Bg5 Qf5 14. Nxd6 cxd6 15. Re1 {[%cal Bf1e1,Be1e4,Be4h4][%mdl 32]} Bd7 16. Bd3 Qa5 {[#] Strongly threatening ...Rxf3!} 17. Bd2 $36 {[%mdl 2048] White is really pushing.} Qh5 18. Re4 {Black must now prevent Rh4.} h6 $2 {[%mdl 8192]} (18... Rxf3 $16 {is a better chance.} 19. Qxf3 Qxf3 20. gxf3 Nd5) 19. Rh4 $18 {White is clearly winning.} Qf7 {[#]} 20. Bxh6 $1 {[%mdl 512]} gxh6 21. Qd2 1-0

[Event "22nd OIBM 2018"]
[Site "Gmund am Tegernsee"]
[Date "2018.11.01"]
[Round "6"]
[White "Bellia, Fabrizio"]
[Black "Firouzja, Alireza"]
[Result "0-1"]
[WhiteElo "2448"]
[BlackElo "2600"]
[Annotator "TA"]
[PlyCount "80"]
[EventDate "2018.10.27"]
[EventType "swiss"]
[EventCountry "GER"]
[SourceTitle "playchess.com"]
[Source "ChessBase"]
[SourceQuality "1"]

{[%evp 27,80,13,31,12,39,29,54,23,33,17,23,0,18,-45,-28,-42,-36,-39,-30,-35,-43,-18,-46,-41,-37,-112,-117,-95,-100,-68,-61,-95,-64,-495,0,-28,-28,-18,-30,-42,54,0,0,-8,-8,-8,-20,-25,-41,-170,-144,-264,-148,-264,-270]} 1. d4 Nf6 2. c4 c5 3. d5 g6 4. Nc3 Bg7 5. e4 O-O 6. Nf3 e6 7. Be2 d6 8. O-O exd5 9. cxd5 a6 10. a4 Bg4 11. Nd2 Bxe2 12. Qxe2 Nbd7 13. Nc4 Nb6 14. Ne3 Re8 {LiveBook: 23 Games. A75: Modern Benoni: Classical: 9...a6 10 a4 Bg4} 15. Qc2 Qe7 {[%cal Rf6e4]} 16. f3 {[#]} Nh5 $146 {White has an edge.} ({Predecessor:} 16... Nbd7 17. Bd2 Nh5 18. Rae1 {½-½ (18) Marszalek,M (2355)-Cyborowski,L (2541) Augustow 2008}) 17. g4 Nf6 18. Bd2 Nfd7 19. Rae1 Ne5 20. b3 (20. a5 $11 Nbc4 21. Nxc4 Nxc4 22. Na4 Nxd2 23. Qxd2) 20... c4 21. a5 cxb3 22. Qxb3 Nbd7 23. Na4 h5 $1 24. gxh5 {Hoping for f4.} Qg5+ 25. Kh1 {hxg6 is the strong threat.} Qxh5 26. Ng2 ({White should try} 26. Qd1 $15) 26... Rac8 $1 $17 27. Bb4 g5 28. Bxd6 Qh6 29. Bb4 Qh3 {Threatens to win with ...Ng4!} 30. Rb1 $2 {[%mdl 8192] [#]} (30. Qe3 $1 $15) 30... Ng6 $2 (30... Rc1 $1 $19 {[%mdl 512]} 31. Bd6 (31. Rbxc1 $2 {loses.} Ng4 $19) (31. Rfxc1 $2 {too greedy.} Nxf3 32. Qxf3 Qxf3 $19) 31... Rxb1 32. Rxb1 Nxf3) 31. f4 Qxb3 32. Rxb3 Rxe4 {Strongly threatening ...Rcc4.} 33. fxg5 Rc2 (33... Rcc4 $15 34. Rfb1 Re2) 34. Re1 (34. Nc3 $1 $14 Rxb4 35. Rxb4 Rxc3 36. Rxb7) 34... Rd4 $11 35. Ne3 $132 {[%mdl 2048] White is not keeping still} Rf2 36. Nb6 Nxb6 37. axb6 Be5 38. Nf1 (38. Bc3 $15 Rh4 39. Bxe5 Nxe5 40. Ng2) 38... Rxd5 $19 39. Ne3 (39. Rbe3 $17) 39... Rxh2+ 40. Kg1 {[#]} Rb5 $1 {Precision: White = 21%, Black = 50%.} 0-1

[Event "22nd OIBM 2018"]
[Site "Gmund am Tegernsee"]
[Date "2018.11.01"]
[Round "6"]
[White "Carow, Johannes"]
[Black "Kulaots, Kaido"]
[Result "1/2-1/2"]
[WhiteElo "2439"]
[BlackElo "2546"]
[Annotator "TA"]
[PlyCount "130"]
[EventDate "2018.10.27"]
[EventType "swiss"]
[EventCountry "GER"]
[SourceTitle "playchess.com"]
[Source "ChessBase"]
[SourceQuality "1"]

{[%evp 15,130,28,26,10,10,7,12,12,21,15,5,6,10,-30,0,-17,-12,-32,-23,-89,-89,-83,-93,-98,-9,-4,-2,-30,2,3,14,4,29,13,13,13,14,16,35,39,105,0,0,0,0,0,0,0,0,0,0,0,0,0,0,-31,-31,-42,-33,-51,0,-34,-22,-37,-32,-33,-41,-34,-42,-42,-42,-43,-43,-81,-17,-33,-20,-34,0,-7,0,0,0,0,0,0,0,0,0,0,0,-8,-8,-8,-8,-8,-8,-8,-8,-35,-42,-115,0,0,0,0,0,0,0,0,0,0,0,0,0,0,0]} 1. c4 e5 2. Nc3 Nf6 3. Nf3 Nc6 4. d4 exd4 5. Nxd4 Bb4 6. g3 O-O 7. Bg2 {A28: Englische Eröffnung (Vierspringer-Variante)} Ne5 (7... Bxc3+ 8. bxc3 Ne5 9. Qb3 d6 10. O-O Nfd7 11. a4 Nc5 12. Qa2 a5 13. Nb3 Nxb3 14. Qxb3 Rb8 {0-1 (42) Kryvoruchko,Y (2612)-Karjakin,S (2732) Alushta 2008}) 8. Qb3 Bc5 {LiveBook: 5 Partien} 9. Be3 {Weiß hat minimalen Vorteil.} Nfg4 10. Ne6 $146 ({Vorgänger:} 10. Ne4 Nxe3 11. fxe3 d6 12. O-O-O Qe7 13. h3 a6 14. g4 Ba7 {0-1 (87) Garcia,A (1953)-Guerreiro,N (2139) Lisbon 2013}) 10... fxe6 11. Bxc5 d6 12. h3 dxc5 13. hxg4 Nxg4 {Weiss muss nun ...Dd4 beachten.} 14. Qc2 g6 {Und ...Dd4 würde nun gewinnen.} 15. Ne4 e5 16. Bf3 Bf5 17. Rh4 (17. Bxg4 $11 Bxg4 18. Qc1) 17... Nf6 $17 18. Rd1 Qe7 19. Qc1 Nxe4 (19... Rae8 $17) 20. Bxe4 $11 c6 21. Qh6 Rf7 22. Bxf5 gxf5 23. Rh5 Re8 24. Rd6 f4 25. Rg5+ {[%cal Bh5g5,Bg5g6,Bg6e6][%mdl 32]} Kh8 26. g4 e4 27. Rgg6 Qf8 {[#]} (27... Rd8 $14) 28. Qxf8+ (28. Qh5 $1 $16) 28... Rexf8 $16 {[%mdl 4096] Endspiel KTT-KTT} 29. Rge6 Rg8 30. Rxe4 Rxg4 31. f3 Rg5 (31... Rg1+ {looks sharper.} 32. Kd2 Ra1 33. a3 Kg7 34. Rde6 Rb1) 32. Rde6 Kg7 33. R6e5 Rxe5 34. Rxe5 $11 {KT-KT} Kg6 35. Re6+ Kf5 36. Rh6 Kg5 37. Re6 Kf5 (37... h5 $15) 38. Re8 (38. Rh6 {is interesting.}) 38... h5 39. Rh8 Kg5 40. Rg8+ Kf6 41. Rh8 Kg6 42. Rg8+ Rg7 43. Rf8 Kg5 44. Rh8 Kh4 (44... h4 $17) 45. Kf2 Rd7 46. Ke1 Rd4 47. Rh7 b5 48. cxb5 cxb5 49. Rxa7 Ra4 50. Rb7 b4 51. a3 bxa3 52. bxa3 Rxa3 53. Rc7 Rc3 54. Rf7 Kg5 55. Rg7+ Kf6 56. Rh7 Kg6 57. Rh8 Rc1+ 58. Kf2 ({Besser ist} 58. Kd2 $15 Rc4 59. Rf8) 58... Rd1 (58... c4 $17 {...c3 ist eine echte Drohung.} 59. Rg8+ Kf6) 59. Rg8+ {Die Stellung ist ausgeglichen.} Kf6 60. Rf8+ Ke5 61. Re8+ Kf6 62. Rf8+ Kg5 63. Rg8+ Kh6 64. Rh8+ Kg6 65. Rg8+ Kf6 {Precision: Weiß = 65%, Schwarz = 42%.} 1/2-1/2